[Event "Titled Tuesday intern op 12th May"]
[Site "Chess.com INT"]
[Date "2020.05.12"]
[Round "1"]
[White "Meyers, Dominique"]
[Black "Florescu, Codrut Constantin"]
[Result "0-1"]
[WhiteElo "2234"]
[BlackElo "2293"]
[PlyCount "74"]
[EventDate "2020.05.12"]
[EventType "swiss (blitz)"]
[EventRounds "10"]
[EventCountry "USA"]
[SourceTitle "EXT 2021"]
[Source "ChessBase"]
[SourceDate "2020.10.23"]
[SourceVersion "1"]
[SourceVersionDate "2020.10.23"]
[SourceQuality "1"]

1. e4 c5 2. Nf3 e6 3. d4 cxd4 4. Nxd4 Nf6 5. Nc3 d6 6. Be3 a6 7. h3 b5 8. g4 Bb7 9. Bg2 Qc7 10. g5 Nfd7 11. Qe2 Nb6 12. 0-0 N8d7 13. f4 g6 14. f5 gxf5 15. exf5 e5 16. Ne6 fxe6 17. fxe6 Nc5 18. Rf7 Be7 19. Nxb5 axb5 20. Qxb5+ Nbd7 21. Bxb7 Qxb7 22. Qf1 Nxe6 23. Qf5 Ndf8 24. Rf1 0-0-0 25. Rd1 Rd7 26. Rd3 Qxb2 27. Bd2 Qb6+ 28. Kh2 Rc7 29. Rxf8+ Rxf8 30. Qxe6+ Kd8 31. Qxe5 Qf2+ 32. Kh1 Qf1+ 33. Kh2 Qxd3 34. Qa5 Rf2+ 35. Kg1 Qxd2 36. Qa8+ Rc8 37. Qa5+ Qxa5 0-1

[Event "Titled Tuesday intern op 12th May"]
[Site "Chess.com INT"]
[Date "2020.05.12"]
[Round "5"]
[White "Sorokobjagin, Sergey"]
[Black "Meyers, Dominique"]
[Result "1-0"]
[WhiteElo "2253"]
[BlackElo "2260"]
[PlyCount "95"]
[EventDate "2020.05.12"]
[EventType "swiss (blitz)"]
[EventRounds "10"]
[EventCountry "USA"]
[SourceTitle "EXT 2021"]
[Source "ChessBase"]
[SourceDate "2020.10.23"]
[SourceVersion "1"]
[SourceVersionDate "2020.10.23"]
[SourceQuality "1"]

1. d4 Nf6 2. Nf3 g6 3. c4 Bg7 4. Nc3 d5 5. e3 0-0 6. Qb3 c5 7. cxd5 cxd4 8. Nxd4 Nbd7 9. Bc4 Nb6 10. 0-0 Nxc4 11. Qxc4 Bd7 12. Rd1 Qb6 13. Qb3 Qa6 14. e4 Nxe4 15. Nxe4 Ba4 16. Qd3 Bxd1 17. Qxd1 Qc4 18. Be3 Qxd5 19. Nc3 Qa5 20. Nb3 Qf5 21. Qf3 Qxf3 22. gxf3 Rfd8 23. Kf1 a6 24. Ke2 b5 25. Rd1 Rxd1 26. Nxd1 Rd8 27. Nc5 a5 28. Nc3 b4 29. N3a4 Rc8 30. b3 e5 31. Kd3 f5 32. f4 exf4 33. Bxf4 Rd8+ 34. Kc4 Rd1 35. Kb5 Ra1 36. Kxa5 Rxa2 37. Be3 f4 38. Bxf4 Rxf2 39. Bg3 Rf5 40. Kxb4 Bf8 41. Kc4 h5 42. b4 g5 43. b5 h4 44. Bc7 Rf2 45. b6 Rf1 46. b7 Rb1 47. Nb3 Ra1 48. Nxa1 1-0

[Event "Titled Tuesday intern op 28th Apr"]
[Site "Chess.com INT"]
[Date "2020.04.28"]
[Round "4"]
[White "Fedotov, Nikita1111"]
[Black "Meyers, Dominique"]
[Result "0-1"]
[WhiteElo "2311"]
[BlackElo "2316"]
[PlyCount "82"]
[EventDate "2020.04.28"]
[EventType "swiss (blitz)"]
[EventRounds "10"]
[EventCountry "USA"]
[SourceTitle "EXT 2021"]
[Source "ChessBase"]
[SourceDate "2020.10.23"]
[SourceVersion "1"]
[SourceVersionDate "2020.10.23"]
[SourceQuality "1"]

1. Nf3 Nf6 2. g3 g6 3. Bg2 Bg7 4. 0-0 0-0 5. c4 d5 6. c5 Nbd7 7. d4 c6 8. Nc3 Re8 9. b4 e5 10. e3 exd4 11. exd4 Ne4 12. Bb2 f5 13. a4 a5 14. b5 Ndxc5 15. Ne2 Ne6 16. Ne5 Bd7 17. Qd3 N6c5 18. Qd1 Ne6 19. bxc6 bxc6 20. Rc1 Ra6 21. Qd3 Rb6 22. Ba3 Nxd4 23. Nxd4 Bxe5 24. Nf3 Bg7 25. Rfd1 Qb8 26. Bc5 Rb3 27. Qa6 Nxc5 28. Rxc5 Qb4 29. Qxa5 Qe4 30. Ng5 Qe2 31. Rf1 Bd4 32. Rcc1 Rb2 33. Nh3 f4 34. Rce1 f3 35. Rxe2 fxe2 36. Re1 Bxh3 37. Bxh3 Rf8 38. Be6+ Kh8 39. Rxe2 Rxe2 40. Qc7 Bxf2+ 41. Kg2 Bb6+ 0-1

[Event "Titled Tuesday intern op 28th Apr"]
[Site "Chess.com INT"]
[Date "2020.04.28"]
[Round "1"]
[White "Meyers, Dominique"]
[Black "Cheparinov, Ivan"]
[Result "0-1"]
[WhiteElo "2304"]
[BlackElo "2686"]
[PlyCount "114"]
[EventDate "2020.04.28"]
[EventType "swiss (blitz)"]
[EventRounds "10"]
[EventCountry "USA"]
[SourceTitle "EXT 2021"]
[Source "ChessBase"]
[SourceDate "2020.10.23"]
[SourceVersion "1"]
[SourceVersionDate "2020.10.23"]
[SourceQuality "1"]

1. e4 c5 2. Nf3 d6 3. d4 cxd4 4. Nxd4 Nf6 5. Nc3 a6 6. h3 e5 7. Nde2 h5 8. g3 Be6 9. Bg2 b5 10. 0-0 Nbd7 11. Be3 Be7 12. Nd5 Nxd5 13. exd5 Bf5 14. c3 0-0 15. f4 Bh7 16. f5 Bg5 17. Qd2 Bxe3+ 18. Qxe3 Qb6 19. Qxb6 Nxb6 20. g4 hxg4 21. hxg4 Nc4 22. g5 Ne3 23. Be4 Nxf1 24. Rxf1 g6 25. f6 Rfc8 26. b3 a5 27. Bd3 Rc5 28. Be4 Rac8 29. Rc1 Kf8 30. Kf2 Ke8 31. Ke3 Kd7 32. Kd3 Kc7 33. Rh1 Bg8 34. Rh3 Kb6 35. Re3 a4 36. Kc2 axb3+ 37. axb3 b4 38. c4 Ra5 39. Kb2 Rca8 40. Nc1 Ra1 41. Bb1 R1a7 42. Nd3 Ka5 43. Bc2 Re8 44. Re1 e4 45. Ra1+ Kb6 46. Rxa7 Kxa7 47. Nxb4 e3 48. Nd3 e2 49. Ne1 Re5 50. Kc3 Rxg5 51. Bd3 Rg1 52. Kd2 Rf1 53. Bxe2 Rxf6 54. b4 Rf4 55. Nd3 Rxc4 56. Ne5 Rd4+ 57. Ke3 dxe5 0-1

[Event "Titled Tuesday intern op 28th Apr"]
[Site "Chess.com INT"]
[Date "2020.04.28"]
[Round "3"]
[White "Meyers, Dominique"]
[Black "Coe, William R"]
[Result "1-0"]
[WhiteElo "2304"]
[BlackElo "2078"]
[PlyCount "95"]
[EventDate "2020.04.28"]
[EventType "swiss (blitz)"]
[EventRounds "10"]
[EventCountry "USA"]
[SourceTitle "EXT 2021"]
[Source "ChessBase"]
[SourceDate "2020.10.23"]
[SourceVersion "1"]
[SourceVersionDate "2020.10.23"]
[SourceQuality "1"]

1. e4 c5 2. Nf3 e6 3. d4 cxd4 4. Nxd4 a6 5. c4 Qc7 6. Nc3 Nf6 7. Be2 d6 8. 0-0 Nc6 9. Nc2 Be7 10. Be3 0-0 11. f3 Bd7 12. Qd2 Ne5 13. b3 Rac8 14. Rac1 Rfd8 15. Nd4 b6 16. Kh1 Qb7 17. Bg1 Nc6 18. Nc2 Ne5 19. f4 Ng6 20. Qe3 b5 21. cxb5 axb5 22. Bf3 Nh4 23. Nd4 Nxf3 24. gxf3 b4 25. Nce2 Rxc1 26. Rxc1 Rc8 27. Rxc8+ Qxc8 28. Qd2 Qb7 29. Kg2 d5 30. e5 Nh5 31. Be3 g6 32. Qc2 Ng7 33. Bd2 Nf5 34. Nxf5 gxf5 35. Be3 Kf8 36. Nd4 Bb5 37. Qf2 Qa6 38. Qc2 Bd3 39. Qd2 Ke8 40. Nc2 Bf1+ 41. Kf2 Bb5 42. Nxb4 Bxb4 43. Qxb4 Qxa2+ 44. Kg3 Bf1 45. Bf2 Qe2 46. Qb8+ Kd7 47. Qb7+ Ke8 48. Qc8+ 1-0

[Event "Titled Tuesday intern op 21st April"]
[Site "Chess.com INT"]
[Date "2020.04.21"]
[Round "3"]
[White "Abrahamyan, Tatev"]
[Black "Meyers, Dominique"]
[Result "1-0"]
[WhiteElo "2358"]
[BlackElo "2222"]
[PlyCount "79"]
[EventDate "2020.04.21"]
[EventType "swiss (blitz)"]
[EventRounds "10"]
[EventCountry "USA"]
[SourceTitle "EXT 2021"]
[Source "ChessBase"]
[SourceDate "2020.10.23"]
[SourceVersion "1"]
[SourceVersionDate "2020.10.23"]
[SourceQuality "1"]

1. e4 e5 2. Nf3 Nc6 3. Bc4 Nf6 4. d3 Bc5 5. 0-0 d6 6. c3 a6 7. Bb3 Ba7 8. Nbd2 h6 9. Re1 g5 10. Nf1 g4 11. N3d2 Nh5 12. Nc4 Nf4 13. Be3 h5 14. Bxa7 Rxa7 15. d4 Qf6 16. Nce3 Rg8 17. Nd5 Qg5 18. Nxc7+ Kf8 19. dxe5 Qxe5 20. Qd2 h4 21. Rad1 Rg6 22. Nd5 Nh3+ 23. gxh3 gxh3+ 24. Ng3 hxg3 25. fxg3 Rxg3+ 26. hxg3 Qxg3+ 27. Kh1 Bg4 28. Qh6+ Ke8 29. Nf6+ Ke7 30. Ng8+ Kd7 31. Rxd6+ Qxd6 32. Nf6+ Kc7 33. Nxg4 Qg3 34. Qd2 Qxg4 35. Qh2+ Kb6 36. Bxf7 Ra8 37. Qg1+ Qxg1+ 38. Kxg1 Rf8 39. Bd5 Ne5 40. Rf1 1-0

[Event "Titled Tuesday intern op 21st April"]
[Site "Chess.com INT"]
[Date "2020.04.21"]
[Round "1"]
[White "Friedel, Joshua E"]
[Black "Meyers, Dominique"]
[Result "1-0"]
[WhiteElo "2552"]
[BlackElo "2229"]
[PlyCount "61"]
[EventDate "2020.04.21"]
[EventType "swiss (blitz)"]
[EventRounds "10"]
[EventCountry "USA"]
[SourceTitle "EXT 2021"]
[Source "ChessBase"]
[SourceDate "2020.10.23"]
[SourceVersion "1"]
[SourceVersionDate "2020.10.23"]
[SourceQuality "1"]

1. d4 Nf6 2. c4 g6 3. Nf3 Bg7 4. g3 d5 5. cxd5 Nxd5 6. Bg2 0-0 7. 0-0 Nc6 8. Nc3 Nb6 9. e3 e5 10. d5 Na5 11. e4 c6 12. Bg5 f6 13. Be3 Nac4 14. Bc5 Re8 15. b3 Na5 16. Rc1 cxd5 17. Bxb6 axb6 18. Nxd5 Nc6 19. h3 Rxa2 20. Qd3 f5 21. Rfd1 Be6 22. Qb5 Rb2 23. Nf4 Qe7 24. Nxe6 Qxe6 25. exf5 gxf5 26. Ng5 Qg6 27. Bxc6 bxc6 28. Qc4+ Kf8 29. Rd7 b5 30. Nxh7+ Qxh7 31. Qf7# 1-0

[Event "Titled Tuesday intern op 21st April"]
[Site "Chess.com INT"]
[Date "2020.04.21"]
[Round "2"]
[White "Meyers, Dominique"]
[Black "Womacka, Mathias"]
[Result "0-1"]
[WhiteElo "2225"]
[BlackElo "2435"]
[PlyCount "57"]
[EventDate "2020.04.21"]
[EventType "swiss (blitz)"]
[EventRounds "10"]
[EventCountry "USA"]
[SourceTitle "EXT 2021"]
[Source "ChessBase"]
[SourceDate "2020.10.23"]
[SourceVersion "1"]
[SourceVersionDate "2020.10.23"]
[SourceQuality "1"]

1. e4 c5 2. Nf3 d6 3. d4 cxd4 4. Nxd4 Nf6 5. Nc3 a6 6. h3 e6 7. g4 b5 8. Bg2 Bb7 9. 0-0 Nfd7 10. Be3 Nc6 11. Nce2 Be7 12. f4 Rc8 13. c3 Nb6 14. Bf2 Nc4 15. Rb1 0-0 16. Ng3 Bh4 17. Qd3 e5 18. Ndf5 exf4 19. Nh5 Bxf2+ 20. Rxf2 g6 21. Nh6+ Kh8 22. Nxf4 Qg5 23. b3 N4e5 24. Qd5 Qxh6 25. Qxd6 Qg5 26. Nd5 Rfd8 27. Qc5 Nd3 28. Qb6 Nxf2 29. Kxf2 0-1

[Event "Titled Tuesday intern op 21st April"]
[Site "Chess.com INT"]
[Date "2020.04.21"]
[Round "7"]
[White "Wessman, Richard"]
[Black "Meyers, Dominique"]
[Result "0-1"]
[WhiteElo "2419"]
[BlackElo "2229"]
[PlyCount "106"]
[EventDate "2020.04.21"]
[EventType "swiss (blitz)"]
[EventRounds "10"]
[EventCountry "USA"]
[SourceTitle "EXT 2021"]
[Source "ChessBase"]
[SourceDate "2020.10.23"]
[SourceVersion "1"]
[SourceVersionDate "2020.10.23"]
[SourceQuality "1"]

1. d4 Nf6 2. c4 g6 3. Nc3 d5 4. e3 Bg7 5. Nf3 0-0 6. cxd5 Nxd5 7. Bc4 Nb6 8. Bb3 Nc6 9. 0-0 Bg4 10. h3 Bxf3 11. Qxf3 e5 12. dxe5 Nxe5 13. Qxb7 Nd3 14. Rd1 Nc5 15. Rxd8 Nxb7 16. Rxa8 Rxa8 17. e4 Rd8 18. Be3 Nd6 19. Rd1 Rd7 20. f4 Re7 21. e5 Nf5 22. Bc5 Re8 23. Ne4 h6 24. g4 Nh4 25. Bf2 g5 26. Bxh4 gxh4 27. Kf2 Kf8 28. Kf3 Ke7 29. g5 hxg5 30. Nxg5 f6 31. Ne6 Bh6 32. Nxc7 Rf8 33. Ne6 Rf7 34. Nd4 fxe5 35. Bxf7 exd4 36. Bb3 Bg7 37. Kg4 Bf6 38. Kf5 Bg7 39. Kg6 Bh8 40. f5 Nd7 41. Re1+ Ne5+ 42. Kh5 Bf6 43. Bd1 d3 44. Re4 Kd6 45. b4 Kd5 46. Rxh4 Bxh4 47. Kxh4 Nc4 48. Kg5 Ne3 49. Bf3+ Ke5 50. f6 Ke6 51. Kg6 Nc4 52. f7 Ne5+ 53. Kg7 Nxf7 0-1

[Event "Titled Tuesday intern op 14th April"]
[Site "Chess.com INT"]
[Date "2020.04.14"]
[Round "5"]
[White "Joubert, Dantelle"]
[Black "Meyers, Dominique"]
[Result "0-1"]
[WhiteElo "1567"]
[BlackElo "2280"]
[PlyCount "42"]
[EventDate "2020.04.14"]
[EventType "swiss (blitz)"]
[EventRounds "10"]
[EventCountry "USA"]
[SourceTitle "EXT 2021"]
[Source "ChessBase"]
[SourceDate "2020.10.23"]
[SourceVersion "1"]
[SourceVersionDate "2020.10.23"]
[SourceQuality "1"]

1. Nf3 Nf6 2. c4 g6 3. Nc3 d5 4. cxd5 Nxd5 5. e4 Nxc3 6. dxc3 Bg7 7. Qxd8+ Kxd8 8. Bf4 c6 9. 0-0-0+ Ke8 10. Be2 Be6 11. Kb1 h6 12. Nd4 Bd7 13. Rd2 e5 14. Be3 exd4 15. cxd4 Ke7 16. d5 cxd5 17. Bc5+ Ke8 18. exd5 Bf5+ 19. Ka1 Nd7 20. Bb5 Kd8 21. h3 Nxc5 0-1

[Event "Titled Tuesday intern op 14th April"]
[Site "Chess.com INT"]
[Date "2020.04.14"]
[Round "7"]
[White "Meyers, Dominique"]
[Black "Egorov, Evgeni"]
[Result "1-0"]
[WhiteElo "2295"]
[BlackElo "2314"]
[PlyCount "155"]
[EventDate "2020.04.14"]
[EventType "swiss (blitz)"]
[EventRounds "10"]
[EventCountry "USA"]
[SourceTitle "EXT 2021"]
[Source "ChessBase"]
[SourceDate "2020.10.23"]
[SourceVersion "1"]
[SourceVersionDate "2020.10.23"]
[SourceQuality "1"]

1. e4 c5 2. Nf3 Nc6 3. d4 cxd4 4. Nxd4 g6 5. c4 Bg7 6. Be3 Nf6 7. Nc3 Ng4 8. Qxg4 Nxd4 9. Qd1 Ne6 10. Be2 Qa5 11. Qd2 Bxc3 12. bxc3 b6 13. 0-0 Bb7 14. f3 d6 15. Rab1 Rc8 16. Rb5 Qa3 17. Rfb1 Bc6 18. R5b3 Qa5 19. Bd4 f6 20. Qb2 Qg5 21. Kh1 Kf7 22. Rf1 h5 23. Bd1 h4 24. Qf2 Qf4 25. Ra3 Rc7 26. Be3 Qe5 27. Bc2 g5 28. Rb3 Ba8 29. Rb5 Qxc3 30. Bb3 Rxc4 31. Rf5 Rhc8 32. h3 Qd3 33. Bxg5 Nxg5 34. Rd1 Qc3 35. Qxh4 Ke8 36. Qg4 Qe3 37. Bxc4 Rxc4 38. h4 Nxe4 39. fxe4 Bxe4 40. Qg8+ Kd7 41. Rff1 Qe2 42. Rfe1 Bxg2+ 43. Qxg2 Qxg2+ 44. Kxg2 Rxh4 45. Re2 b5 46. Rde1 e5 47. Rd1 Rc4 48. Red2 Rc6 49. Kf3 Ke6 50. Ke4 f5+ 51. Ke3 b4 52. Rh1 Rc3+ 53. Ke2 e4 54. Rh6+ Ke5 55. Rhxd6 b3 56. axb3 Rxb3 57. R2d5+ Kf4 58. Ra5 Rh3 59. Rxa7 Rh2+ 60. Kd1 Kf3 61. Rf7 f4 62. Rdf6 Ke3 63. Rxf4 Ra2 64. Rf1 Rb2 65. Re1+ Kd3 66. Rd7+ Kc3 67. Rxe4 Rb1+ 68. Ke2 Rb5 69. Rd3+ Kc2 70. Rf3 Rc5 71. Kf2 Kd2 72. Re2+ Kd1 73. Re8 Rc2+ 74. Kg1 Rd2 75. Rf1+ Kc2 76. Rc8+ Kd3 77. Rd8+ Ke3 78. Rxd2 1-0

[Event "Titled Tuesday intern op 7th April"]
[Site "Chess.com INT"]
[Date "2020.04.07"]
[Round "5"]
[White "Meyers, Dominique"]
[Black "Straka, Vojtech"]
[Result "1/2-1/2"]
[WhiteElo "2309"]
[BlackElo "2427"]
[PlyCount "36"]
[EventDate "2020.04.07"]
[EventType "swiss (blitz)"]
[EventRounds "10"]
[EventCountry "USA"]
[SourceTitle "EXT 2021"]
[Source "ChessBase"]
[SourceDate "2020.10.23"]
[SourceVersion "1"]
[SourceVersionDate "2020.10.23"]
[SourceQuality "1"]

1. e4 c5 2. Nf3 Nc6 3. d4 cxd4 4. Nxd4 Nf6 5. Nc3 e5 6. Ndb5 d6 7. Nd5 Nxd5 8. exd5 Nb8 9. c4 Be7 10. Be2 0-0 11. 0-0 Nd7 12. Be3 a6 13. Nc3 f5 14. f3 Bg5 15. Bf2 Bh4 16. Be3 Bg5 17. Bf2 Bh4 18. Be3 Bg5 1/2-1/2

[Event "Titled Tuesday intern op 3rd March"]
[Site "Chess.com INT"]
[Date "2020.03.03"]
[Round "5"]
[White "Hnydiuk, Aleksander"]
[Black "Meyers, Dominique"]
[Result "1-0"]
[WhiteElo "2411"]
[BlackElo "2204"]
[PlyCount "87"]
[EventDate "2020.03.03"]
[EventType "swiss (blitz)"]
[EventRounds "10"]
[EventCountry "USA"]
[SourceTitle "EXT 2021"]
[Source "ChessBase"]
[SourceDate "2020.10.23"]
[SourceVersion "1"]
[SourceVersionDate "2020.10.23"]
[SourceQuality "1"]

1. d4 Nf6 2. Nf3 g6 3. c4 d5 4. cxd5 Nxd5 5. e4 Nb6 6. h3 Bg7 7. Nc3 0-0 8. Be3 c5 9. d5 N6d7 10. Qd2 a6 11. h4 b5 12. h5 Nf6 13. hxg6 fxg6 14. Bh6 b4 15. Bxg7 Kxg7 16. Qh6+ Kg8 17. Nd1 Rf7 18. Ng5 Rg7 19. Bc4 Qd6 20. Ne3 a5 21. 0-0-0 a4 22. Qh2 a3 23. e5 axb2+ 24. Kb1 Qd8 25. d6+ e6 26. Nxe6 Bxe6 27. Bxe6+ Kf8 28. Qh4 g5 29. Qh6 Ng8 30. Bxg8 Kxg8 31. Nf5 Rga7 32. e6 Qf8 33. Qxf8+ Kxf8 34. d7 Nc6 35. e7+ Nxe7 36. d8Q+ Rxd8 37. Rxd8+ Kf7 38. Rxh7+ Kf6 39. Rf8+ Kg6 40. Rxe7 Ra3 41. Re6+ Kh5 42. f3 g4 43. f4 g3 44. Rg8 1-0

[Event "Titled Tuesday intern op1 3rd March  "]
[Site "Chess.com INT"]
[Date "2020.03.03"]
[Round "5"]
[White "Martinez Reyes, Pedro Ramon"]
[Black "Meyers, Dominique"]
[Result "1-0"]
[WhiteElo "2415"]
[BlackElo "2262"]
[PlyCount "83"]
[EventDate "2020.03.03"]
[EventType "swiss (blitz)"]
[EventRounds "10"]
[EventCountry "USA"]
[SourceTitle "EXT 2021"]
[Source "ChessBase"]
[SourceDate "2020.10.23"]
[SourceVersion "1"]
[SourceVersionDate "2020.10.23"]
[SourceQuality "1"]

1. e4 e5 2. Nf3 Nc6 3. Bb5 a6 4. Ba4 Nf6 5. 0-0 b5 6. Bb3 Bc5 7. d3 d6 8. a3 Bb6 9. Bg5 h6 10. Be3 Bxe3 11. fxe3 0-0 12. Nc3 Be6 13. Nd5 Bxd5 14. Bxd5 Nxd5 15. exd5 Ne7 16. e4 f5 17. Nh4 f4 18. Qg4 Qc8 19. Qxc8 Raxc8 20. c3 c6 21. dxc6 Rxc6 22. a4 b4 23. cxb4 Rb8 24. b5 axb5 25. a5 Rc2 26. b4 Rb2 27. Rfb1 Rd2 28. Rd1 Rb2 29. Rdb1 Rd2 30. Ra3 Nc6 31. Nf5 Rd8 32. Rc1 Nxb4 33. a6 Ra8 34. a7 Rxd3 35. Rxd3 Nxd3 36. Rc7 b4 37. Rb7 Kh7 38. Rxg7+ Kh8 39. Rb7 b3 40. Rb8+ Kh7 41. Rxa8 b2 42. Rb8 1-0

[Event "Titled Tuesday intern op 3rd March"]
[Site "Chess.com INT"]
[Date "2020.03.03"]
[Round "2"]
[White "Meyers, Dominique"]
[Black "Aitbayev, Aslan"]
[Result "0-1"]
[WhiteElo "2193"]
[BlackElo "2457"]
[PlyCount "70"]
[EventDate "2020.03.03"]
[EventType "swiss (blitz)"]
[EventRounds "10"]
[EventCountry "USA"]
[SourceTitle "EXT 2021"]
[Source "ChessBase"]
[SourceDate "2020.10.23"]
[SourceVersion "1"]
[SourceVersionDate "2020.10.23"]
[SourceQuality "1"]

1. e4 e6 2. Nc3 d5 3. d4 Bb4 4. Nge2 dxe4 5. a3 Be7 6. Nxe4 Nf6 7. Nxf6+ Bxf6 8. Be3 0-0 9. Qd2 Nd7 10. 0-0-0 Be7 11. Nf4 Nf6 12. Bd3 Nd5 13. Nxd5 exd5 14. h4 Re8 15. h5 Bf6 16. Kb1 Be6 17. f3 c5 18. dxc5 d4 19. Bf4 Qd5 20. b3 Qxc5 21. Ka2 Be7 22. Qc1 Rec8 23. Qb2 a5 24. a4 Qb4 25. Kb1 Rc3 26. Be5 Rd8 27. h6 g6 28. Rd2 Bxb3 29. Rhd1 Qxa4 30. Bxd4 Rxd4 31. Bxg6 Rxd2 32. Bxh7+ Kxh7 33. Rxd2 Bf6 34. Rd3 Bxc2+ 35. Kc1 Bxd3+ 0-1

[Event "Titled Tuesday intern op 3rd March"]
[Site "Chess.com INT"]
[Date "2020.03.03"]
[Round "1"]
[White "Trent, Lawrence"]
[Black "Meyers, Dominique"]
[Result "0-1"]
[WhiteElo "2389"]
[BlackElo "2194"]
[PlyCount "124"]
[EventDate "2020.03.03"]
[EventType "swiss (blitz)"]
[EventRounds "10"]
[EventCountry "USA"]
[SourceTitle "EXT 2021"]
[Source "ChessBase"]
[SourceDate "2020.10.23"]
[SourceVersion "1"]
[SourceVersionDate "2020.10.23"]
[SourceQuality "1"]

1. e4 e5 2. Nf3 Nc6 3. Bc4 Nf6 4. d3 Bc5 5. c3 d6 6. h3 a6 7. Bb3 Ba7 8. Nbd2 h6 9. Nf1 0-0 10. Ng3 d5 11. Qe2 Re8 12. 0-0 d4 13. Nh2 Be6 14. Bxe6 Rxe6 15. c4 Bc5 16. Nf5 Kh7 17. Qf3 Bf8 18. Ng4 Nxg4 19. hxg4 Qf6 20. g5 hxg5 21. g3 Ne7 22. Qh5+ Kg8 23. Bxg5 Qg6 24. Nxe7+ Bxe7 25. Qxg6 fxg6 26. Bxe7 Rxe7 27. b4 Rf8 28. Kg2 Ref7 29. f3 g5 30. g4 Kh7 31. Rf2 Kg6 32. a4 Rh8 33. Rh1 Rh4 34. Rxh4 gxh4 35. f4 exf4 36. Kf3 Kg5 37. Re2 Re7 38. e5 Re6 39. Re4 h3 40. Re2 g6 41. a5 h2 42. Rxh2 Rxe5 43. Rh7 Re3+ 44. Kf2 Rxd3 45. Rxc7 Kxg4 46. b5 Rd2+ 47. Ke1 Rb2 48. Rxb7 axb5 49. a6 f3 50. a7 f2+ 51. Kf1 Kg3 52. Rxb5 Ra2 53. Rb3+ Kf4 54. Rb7 d3 55. c5 d2 56. Rd7 Ke3 57. Re7+ Kd3 58. Rd7+ Kc3 59. c6 Rxa7 60. c7 Ra8 61. Kxf2 Kc2 62. Ke2 Re8+ 0-1

[Event "Titled Tuesday intern op 7th May"]
[Site "Chess.com INT"]
[Date "2019.05.07"]
[Round "10"]
[White "Meyers, Dominique"]
[Black "Karacsonyi, Gellert"]
[Result "0-1"]
[WhiteElo "2256"]
[BlackElo "2303"]
[PlyCount "82"]
[EventDate "2019.05.07"]
[EventType "swiss (blitz)"]
[EventRounds "10"]
[EventCountry "USA"]
[SourceTitle "EXT 2021"]
[Source "ChessBase"]
[SourceDate "2020.10.23"]
[SourceVersion "1"]
[SourceVersionDate "2020.10.23"]
[SourceQuality "1"]

1. e4 c5 2. Nf3 Nc6 3. d4 cxd4 4. Nxd4 g6 5. c4 Nf6 6. Nc3 d6 7. Nc2 Bg7 8. Be2 0-0 9. 0-0 a5 10. Be3 Be6 11. Qd2 Nd7 12. f3 a4 13. Na3 Qa5 14. Rac1 Rfc8 15. Rfd1 Nce5 16. Bh6 Bxh6 17. Qxh6 Qb6+ 18. Kh1 Nxc4 19. Nxc4 Bxc4 20. Bxc4 Rxc4 21. Nd5 Rxc1 22. Nxe7+ Kh8 23. Rxc1 Qxb2 24. h4 Qe5 25. Nd5 Nc5 26. Rd1 b5 27. Ne3 b4 28. Ng4 Qg7 29. Qe3 h5 30. Nf2 b3 31. axb3 axb3 32. Rb1 Ra1 33. Qc1 b2 34. Qc2 Rxb1+ 35. Qxb1 Qc3 36. Kh2 Qc1 37. Qa2 b1Q 38. Qxf7 Qh6 39. Nh3 Qb8 40. Ng5 Qg7 41. Qd5 Qe5+ 0-1

[Event "Titled Tuesday intern op 2nd April"]
[Site "Chess.com INT"]
[Date "2019.04.02"]
[Round "3"]
[White "Meyers, Dominique"]
[Black "Schut, Han"]
[Result "1-0"]
[WhiteElo "2217"]
[BlackElo "2173"]
[PlyCount "97"]
[EventDate "2019.04.02"]
[EventType "swiss (blitz)"]
[EventRounds "10"]
[EventCountry "USA"]
[SourceTitle "EXT 2021"]
[Source "ChessBase"]
[SourceDate "2020.10.23"]
[SourceVersion "1"]
[SourceVersionDate "2020.10.23"]
[SourceQuality "1"]

1. e4 c5 2. Nf3 d6 3. d4 cxd4 4. Nxd4 Nf6 5. Nc3 a6 6. h3 e6 7. g4 d5 8. exd5 Nxd5 9. Nxd5 Qxd5 10. Rg1 Bc5 11. Be3 Bxd4 12. Qxd4 Qxd4 13. Bxd4 0-0 14. 0-0-0 Nc6 15. Bc3 e5 16. Bg2 f6 17. Bd5+ Kh8 18. Rge1 Bd7 19. Be4 Rad8 20. Rd6 Bc8 21. Red1 Rxd6 22. Rxd6 Rd8 23. Bb4 Rxd6 24. Bxd6 Be6 25. a4 Kg8 26. c3 Kf7 27. f4 exf4 28. Bxf4 Ke8 29. Bxh7 Bb3 30. h4 Bxa4 31. h5 Bb3 32. Bf5 Bd5 33. Kd2 Ne7 34. Bd3 Bc6 35. Ke3 Nd5+ 36. Ke4 Nxf4+ 37. Kxf4 Ke7 38. Kf5 Bd7+ 39. Kf4 Kd6 40. Be4 b6 41. Bd3 a5 42. g5 fxg5+ 43. Kxg5 Be8 44. Bg6 Bd7 45. Bf7 Ke7 46. Kg6 Bf5+ 47. Kxg7 Kd6 48. h6 Kc5 49. Bg6 1-0

[Event "Titled Tuesday intern op 1st Jan"]
[Site "Chess.com INT"]
[Date "2019.01.01"]
[Round "5"]
[White "Panda, Vedic"]
[Black "Meyers, Dominique"]
[Result "1-0"]
[WhiteElo "1957"]
[BlackElo "2243"]
[PlyCount "115"]
[EventDate "2019.01.01"]
[EventType "swiss (blitz)"]
[EventRounds "10"]
[EventCountry "USA"]
[SourceTitle "EXT 2021"]
[Source "ChessBase"]
[SourceDate "2020.10.23"]
[SourceVersion "1"]
[SourceVersionDate "2020.10.23"]
[SourceQuality "1"]

1. Nf3 f5 2. Nc3 Nf6 3. d4 g6 4. Bg5 Bg7 5. Bxf6 Bxf6 6. e4 e6 7. h4 d6 8. h5 g5 9. Bd3 g4 10. Nd2 Bxd4 11. exf5 exf5 12. f3 0-0 13. fxg4 fxg4 14. Bc4+ Kh8 15. Nde4 Nc6 16. Qd3 Be5 17. 0-0-0 Nd4 18. Kb1 Bf5 19. Nd5 c6 20. Ne3 Qb6 21. c3 Bxe4 22. Qxe4 Ne6 23. Bxe6 Rae8 24. Nc4 Qc5 25. Qxg4 Rf4 26. Qh3 Rxc4 27. Bxc4 Qxc4 28. Qd3 Qg4 29. Qf3 Qg8 30. Rhf1 a5 31. Qf7 a4 32. Rf3 a3 33. Rdf1 axb2 34. Qxe8 Qxe8 35. Rf8+ Qxf8 36. Rxf8+ Kg7 37. Rf3 b5 38. Kxb2 b4 39. a4 bxa3+ 40. Kxa3 Kh6 41. Rf5 Bxc3 42. g4 Be5 43. Kb3 Kg7 44. g5 Bg3 45. Kc4 Bh2 46. Rf6 Be5 47. Re6 Bf4 48. Kd4 c5+ 49. Kd5 Bxg5 50. Rxd6 Be3 51. Ke4 Bg1 52. Kf5 Bd4 53. h6+ Kf7 54. Rd7+ Kg8 55. Ke6 Bg7 56. Rxg7+ Kf8 57. Rc7 c4 58. Rc8# 1-0

[Event "Titled Tuesday intern op 2nd Dec"]
[Site "Chess.com INT"]
[Date "2017.12.05"]
[Round "5"]
[White "Meyers, Dominique"]
[Black "Yanayt, Eugene"]
[Result "1-0"]
[WhiteElo "1972"]
[BlackElo "2173"]
[PlyCount "60"]
[EventDate "2017.12.05"]
[EventType "swiss (blitz)"]
[EventRounds "10"]
[EventCountry "USA"]
[SourceTitle "EXT 2021"]
[Source "ChessBase"]
[SourceDate "2020.10.23"]
[SourceVersion "1"]
[SourceVersionDate "2020.10.23"]
[SourceQuality "1"]

1. e4 c5 2. Nf3 d6 3. d4 cxd4 4. Nxd4 Nf6 5. Nc3 g6 6. Be3 Bg7 7. f3 Nc6 8. Qd2 0-0 9. g4 Nxd4 10. Bxd4 Be6 11. h4 Qa5 12. h5 Rfc8 13. a3 Rab8 14. hxg6 fxg6 15. 0-0-0 b5 16. Kb1 b4 17. Nd5 Bxd5 18. exd5 Qxd5 19. axb4 Qxf3 20. g5 Ne4 21. Qe1 e5 22. Rh3 Qg4 23. Rh4 Qxg5 24. Rxe4 exd4 25. Re7 Be5 26. Rxa7 Qe3 27. Qh4 Bg7 28. Re1 Qd2 29. Ree7 Qxc2+ 30. Ka2 Qa4+ 1-0